|
|
|
|
| LEADER |
00000cam a2200000 7i4500 |
| 001 |
0000002174 |
| 005 |
20030319.0 |
| 090 |
0 |
0 |
|a 634.9bWAT 1989
|
| 100 |
1 |
0 |
|a WATTS
|h Martin
|
| 245 |
1 |
0 |
|a Site index equations for paraserienthes falcataria
|c technical report prepared by Martin Watts
|
| 260 |
0 |
0 |
|a Kuala Lumpur :
|b ASEAN Institute of Forest Management ,
|c 1989
|
| 300 |
|
|
|a Various pagings :
|b ill. ;
|c 29 cm.
|
| 650 |
0 |
0 |
|a Forest site quality
|
| 650 |
0 |
0 |
|a Site index (Forestry)
|
| 710 |
1 |
1 |
|a ASEAN Institute of Forest Management (AIFM)
|
| 998 |
|
|
|a JPSM
|
| 999 |
|
|
|a 0000003695
|b Monograph
|c Open Shelf
|e Default branch
|
| 999 |
|
|
|a 0000003696
|b Monograph
|c Open Shelf
|e Default branch
|
| 999 |
|
|
|a 0000003697
|b Monograph
|c Open Shelf
|e Default branch
|
| 999 |
|
|
|a 0000003698
|b Monograph
|c Open Shelf
|e Default branch
|
| 999 |
|
|
|a 0000003961
|b Monograph
|c Open Shelf
|e Default branch
|